00378nam a22001457a 450000500170000000800410001702000180005804100080007608200100008410000240009424500770011826000140019530000080020965000150021720160627145233.0160627b xxu||||| |||| 00| 0 eng d a81-203-2615-6 aeng b10645 aPummett, Bethy Jana aInternational Perspectives on organizational behavior and Human resource bPHIc2004 a270 aManagement